[Event "DVM 2008 U20"]
[Site "Arendsee"]
[Date "2008.12.29"]
[Round "5.4"]
[White "Oertel, Thomas"]
[Black "Luft, Dennis"]
[Result "0-1"]
[WhiteElo "1864"]
[BlackElo "1984"]
[PlyCount "76"]
[EventDate "2008.??.??"]
[WhiteTeam "USG Chemnitz"]
[BlackTeam "SF Brackel 1930"]

1. e4 e5 2. f4 d5 3. exd5 exf4 4. Nf3 Nf6 5. Bb5+ c6 6. dxc6 bxc6 7. Bc4 Bd6 8.
Qe2+ Kf8 9. d4 Bg4 10. O-O Nbd7 11. Nc3 Qb6 12. Qd3 Bxf3 13. gxf3 c5 14. Nd5
Nxd5 15. Bxd5 Rd8 16. c3 cxd4 17. cxd4 Be5 18. Kh1 Qxd4 19. Qxd4 Bxd4 20. Bxf4
Nb6 21. Bb3 Bxb2 22. Rae1 Bf6 23. Re4 g5 24. Bc1 Kg7 25. h4 h6 26. f4 Rd3 27.
fxg5 hxg5 28. Rxf6 Kxf6 29. Bb2+ Kf5 30. Bxh8 Kxe4 31. Bxf7 Rh3+ 32. Kg2 Rxh4
33. Bg6+ Kf4 34. Bb2 Nd5 35. Bd4 a5 36. Bf7 Ne7 37. Kg1 Kf3 38. Be8 Rxd4 0-1

[Event "DVM 2008 U20"]
[Site "Arendsee"]
[Date "2008.12.29"]
[Round "5.5"]
[White "Strathoff, Martin"]
[Black "Leschner, Marius"]
[Result "1-0"]
[WhiteElo "1922"]
[BlackElo "1884"]
[PlyCount "55"]
[EventDate "2008.??.??"]
[WhiteTeam "SF Brackel 1930"]
[BlackTeam "USG Chemnitz"]

1. d4 Nf6 2. c4 g6 3. Nc3 Bg7 4. e4 d6 5. f4 O-O 6. Nf3 c5 7. d5 e6 8. Bd3 exd5
9. cxd5 Re8 10. O-O a6 11. a4 Qa5 12. Bd2 Nbd7 13. Nb5 Qd8 14. Nxd6 Re7 15. Qb3
Nb6 16. Nxc8 Rxc8 17. Ba5 Nfd7 18. d6 Re8 19. Bc4 Rxe4 20. Bxf7+ Kh8 21. Ng5
Bd4+ 22. Kh1 Re3 23. Qc2 Qf6 24. Bd2 Re2 25. Qd3 Rf2 26. a5 Rxf1+ 27. Rxf1 Na4
28. Qh3 1-0

[Event "DVM 2008 U20"]
[Site "Arendsee"]
[Date "2008.12.29"]
[Round "5.6"]
[White "Kabitzke, Julian"]
[Black "Klobuschinski, Lukas"]
[Result "0-1"]
[WhiteElo "1850"]
[BlackElo "1854"]
[PlyCount "82"]
[EventDate "2008.??.??"]
[WhiteTeam "USG Chemnitz"]
[BlackTeam "SF Brackel 1930"]

1. e4 c5 2. Nf3 Nc6 3. d4 cxd4 4. Nxd4 Nf6 5. Nc3 e5 6. Ndb5 d6 7. Bg5 a6 8.
Na3 b5 9. Nd5 Be7 10. Bxf6 Bxf6 11. c3 O-O 12. Nc2 Bg5 13. a4 bxa4 14. Rxa4 a5
15. Bc4 Be6 16. h4 Bh6 17. g4 Bf4 18. Nce3 Rb8 19. b3 Re8 20. Nf5 Kh8 21. Nxf4
Bxf5 22. gxf5 exf4 23. Bxf7 Re5 24. Kf1 Rc5 25. Rc4 Qf6 26. Rxc5 dxc5 27. Bd5
Ne7 28. c4 Qc3 29. Kg2 Rxb3 30. Qh5 g6 31. fxg6 Nxg6 32. Qg4 f3+ 33. Kh3 Qe5
34. Qc8+ Kg7 35. Rg1 Qh5 36. Rg4 Rb1 37. Qf5 Rh1+ 38. Kg3 Rg1+ 39. Kxf3 Qxg4+
40. Qxg4 Rxg4 41. Kxg4 a4 0-1

[Event "DVM 2008 U20"]
[Site "Arendsee"]
[Date "2008.12.29"]
[Round "5.1"]
[White "Hauser, Carlos"]
[Black "Wittenberg, Andreas"]
[Result "1/2-1/2"]
[WhiteElo "2140"]
[BlackElo "2011"]
[PlyCount "48"]
[EventDate "2008.??.??"]
[WhiteTeam "SV 1947 Walldorf"]
[BlackTeam "SV Mülheim-Nord 1931"]

1. d4 e6 2. c4 d5 3. Nc3 Nf6 4. cxd5 exd5 5. Bg5 Be7 6. Qc2 c6 7. e3 Nbd7 8.
Bd3 Nh5 9. Bxe7 Qxe7 10. Nge2 Nb6 11. h3 Be6 12. g4 Nf6 13. Nf4 g6 14. O-O-O
O-O-O 15. Kb1 Kb8 16. Na4 Nxa4 17. Qxa4 h5 18. g5 Ne8 19. Rc1 Nd6 20. Qb3 Rc8
21. Ka1 Bf5 22. Bxf5 Nxf5 23. Nd3 Ka8 24. Ne5 Rc7 1/2-1/2

[Event "DVM 2008 U20"]
[Site "Arendsee"]
[Date "2008.12.29"]
[Round "5.2"]
[White "Bömelburg, Raphael"]
[Black "Frey, Alisa"]
[Result "0-1"]
[WhiteElo "1910"]
[BlackElo "2041"]
[PlyCount "42"]
[EventDate "2008.??.??"]
[WhiteTeam "SV Mülheim-Nord 1931"]
[BlackTeam "SV 1947 Walldorf"]

1. e4 c5 2. Nf3 d6 3. d3 Nc6 4. Nbd2 g6 5. g3 Bg7 6. Bg2 e5 7. O-O Nge7 8. Nh4
O-O 9. f4 exf4 10. gxf4 f5 11. Ndf3 fxe4 12. dxe4 d5 13. e5 Bg4 14. Qd3 Nf5 15.
Nxf5 Bxf5 16. Qb3 Qd7 17. Bd2 Be4 18. c3 Qg4 19. Qxb7 Nxe5 20. fxe5 Rab8 21.
Qe7 Rxf3 0-1

[Event "DVM 2008 U20"]
[Site "Arendsee"]
[Date "2008.12.29"]
[Round "5.3"]
[White "Kappe, Benedikt"]
[Black "Kelm, Marcel"]
[Result "1-0"]
[WhiteElo "1985"]
[BlackElo "1850"]
[PlyCount "81"]
[EventDate "2008.??.??"]
[WhiteTeam "SV 1947 Walldorf"]
[BlackTeam "SV Mülheim-Nord 1931"]

1. e4 c5 2. c3 e6 3. d4 d5 4. exd5 Qxd5 5. Nf3 Nc6 6. Be3 cxd4 7. cxd4 Bb4+ 8.
Nc3 Nf6 9. Be2 Qa5 10. Qb3 Nd5 11. Rc1 a6 12. O-O O-O 13. Nxd5 Qxd5 14. Qxd5
exd5 15. Ne5 Nxe5 16. dxe5 Bd7 17. Bc5 Bxc5 18. Rxc5 Be6 19. f4 Rac8 20. Rfc1
Rfd8 21. Rxc8 Bxc8 22. Kf2 f6 23. Ke3 d4+ 24. Ke4 g6 25. Bc4+ Kf8 26. Rd1 Bf5+
27. Kf3 b5 28. Bb3 h5 29. h3 g5 30. g4 hxg4+ 31. hxg4 Bc8 32. exf6 Bb7+ 33. Kg3
d3 34. fxg5 Be4 35. Kf4 Bg6 36. Be6 d2 37. Bf5 Bf7 38. Ke3 Bxa2 39. Rxd2 Re8+
40. Kf4 Bc4 41. g6 1-0

[Event "DVM 2008 U20"]
[Site "Arendsee"]
[Date "2008.12.29"]
[Round "5.5"]
[White "Brede, Fabian"]
[Black "Messing, Simon"]
[Result "1-0"]
[WhiteElo "1635"]
[BlackElo "1642"]
[PlyCount "39"]
[EventDate "2008.??.??"]
[WhiteTeam "SV 1947 Walldorf"]
[BlackTeam "SV Mülheim-Nord 1931"]

1. d4 e6 2. c4 d5 3. Nc3 Nf6 4. Bg5 Be7 5. e3 c6 6. Nf3 Nbd7 7. Bd3 Qc7 8. O-O
h6 9. Bh4 O-O 10. Rc1 dxc4 11. Bxc4 b5 12. Bd3 Qb6 13. Ne4 Bb7 14. Ne5 Nxe5 15.
dxe5 Nxe4 16. Bxe7 Rfe8 17. Bxe4 Rxe7 18. Qd6 Rc7 19. Rfd1 Rac8 20. Qd8+ 1-0

[Event "DVM 2008 U20"]
[Site "Arendsee"]
[Date "2008.12.29"]
[Round "5.1"]
[White "Högy, Kevin"]
[Black "Paul, Johannes"]
[Result "1-0"]
[WhiteElo "1972"]
[BlackElo "2038"]
[PlyCount "57"]
[EventDate "2008.??.??"]
[WhiteTeam "Sfr.Neuberg"]
[BlackTeam "SG AE Magdeburg"]

1. d4 Nf6 2. c4 c5 3. d5 e6 4. Nc3 exd5 5. cxd5 d6 6. g3 g6 7. Bg2 Bg7 8. Nf3
O-O 9. O-O Nbd7 10. Nd2 a6 11. a4 Qc7 12. Nc4 Rb8 13. Bf4 Ne8 14. Ne4 Be5 15.
Nxe5 dxe5 16. Bh6 Ng7 17. d6 Qd8 18. f4 Re8 19. fxe5 Rxe5 20. Bf4 Re6 21. Ng5
Re8 22. Nxf7 Kxf7 23. Qd5+ Ne6 24. Bg5+ Nf6 25. Bh3 Qd7 26. Rxf6+ Kg8 27. Bh6
Qc6 28. Rxe6 Qxd5 29. Rxe8+ 1-0

[Event "DVM 2008 U20"]
[Site "Arendsee"]
[Date "2008.12.29"]
[Round "5.2"]
[White "Großmann, Susan"]
[Black "Knickel, Aaron"]
[Result "0-1"]
[WhiteElo "1951"]
[BlackElo "2085"]
[PlyCount "128"]
[EventDate "2008.??.??"]
[WhiteTeam "SG AE Magdeburg"]
[BlackTeam "Sfr.Neuberg"]

1. e4 g6 2. d4 Bg7 3. Nc3 d6 4. Be3 a6 5. Bd3 b5 6. Nf3 Nd7 7. e5 Bb7 8. e6
fxe6 9. Ng5 Nf8 10. O-O Nf6 11. f4 Qd7 12. Qe2 b4 13. Nd1 Nd5 14. c4 Nxe3 15.
Qxe3 c5 16. dxc5 dxc5 17. Qe2 h6 18. Nf3 O-O-O 19. Be4 Bxe4 20. Qxe4 Qb7 21.
Qe2 Rd6 22. Nf2 Nd7 23. Ne4 Rc6 24. Rad1 e5 25. fxe5 Nxe5 26. Nxe5 Bxe5 27.
Qg4+ Kb8 28. Rd7 Bd4+ 29. Kh1 Rc7 30. Rxc7 Qxc7 31. Qxg6 Kb7 32. b3 Qc6 33. Qg4
h5 34. Qh4 Rh7 35. Rf8 Qh6 36. Rf1 Rf7 37. Qe1 Qe3 38. Ng3 Qxe1 39. Rxe1 h4 40.
Ne4 Rf5 41. h3 Kc6 42. g4 hxg3 43. Kg2 Rf8 44. Kxg3 Rg8+ 45. Kf3 Kd7 46. Ng3
Rf8+ 47. Kg4 Bf2 48. Rd1+ Ke8 49. Ne4 Be3 50. Kg3 Rg8+ 51. Kf3 Bd4 52. Rd2 Kf7
53. Rg2 Rh8 54. Kf4 Rh4+ 55. Rg4 Rh8 56. Ng5+ Kf6 57. Ne4+ Kf7 58. Ng5+ Ke8 59.
h4 Bf6 60. Nf3 Kf7 61. Ng5+ Ke8 62. Ne6 Rh5 63. Nc7+ Kd7 64. Nd5 Bxh4 {
Rest nicht nachvollziehbar} 0-1

[Event "DVM 2008 U20"]
[Site "Arendsee"]
[Date "2008.12.29"]
[Round "5.3"]
[White "Hummel, Dennis"]
[Black "Brüggemann, Florian"]
[Result "0-1"]
[WhiteElo "1814"]
[BlackElo "1960"]
[PlyCount "76"]
[EventDate "2008.??.??"]
[WhiteTeam "Sfr.Neuberg"]
[BlackTeam "SG AE Magdeburg"]

1. e4 e6 2. d4 d5 3. Nd2 Nf6 4. e5 Nfd7 5. Bd3 c5 6. c3 Nc6 7. Ne2 cxd4 8. cxd4
Qb6 9. Nf3 f6 10. exf6 Nxf6 11. O-O Bd6 12. Bd2 O-O 13. Bc3 Bd7 14. Ng3 Rae8
15. Ne5 Ne7 16. Qc2 Bb5 17. Rae1 Bxd3 18. Qxd3 Nc6 19. Re2 Bxe5 20. dxe5 Nd7
21. Kh1 Rf7 22. f4 g6 23. Ref2 Nc5 24. Qd2 Qd8 25. Rf3 a5 26. b4 Ne4 27. Nxe4
dxe4 28. R3f2 axb4 29. Bxb4 e3 30. Qxe3 Nxb4 31. Qb3 Nd5 32. Qh3 Qb6 33. Qd3
Ref8 34. g3 Ne3 35. Rb1 Qc5 36. Rf3 Ng4 37. Kg2 Nxe5 38. Qc3 Qd5 0-1

[Event "DVM 2008 U20"]
[Site "Arendsee"]
[Date "2008.12.29"]
[Round "5.4"]
[White "Schulz, Marcel"]
[Black "Iwanziw, Niklas"]
[Result "0-1"]
[WhiteElo "1840"]
[BlackElo "1772"]
[PlyCount "120"]
[EventDate "2008.??.??"]
[WhiteTeam "SG AE Magdeburg"]
[BlackTeam "Sfr.Neuberg"]

1. e4 c5 2. Nf3 d6 3. d4 cxd4 4. Nxd4 Nf6 5. Nc3 a6 6. Bg5 e6 7. f4 Be7 8. Qf3
Qc7 9. O-O-O Nbd7 10. g4 Nc5 11. h4 Bd7 12. Bxf6 Bxf6 13. g5 Be7 14. f5 O-O-O
15. Bh3 Rdf8 16. Rhg1 Na4 17. Nxa4 Bxa4 18. Qa3 Bc6 19. Nxc6 Qxc6 20. e5 Rd8
21. fxe6 fxe6 22. Bxe6+ Kb8 23. Bd5 dxe5 24. Qxe7 Rxd5 25. Rxd5 Qxd5 26. Rd1
Qxa2 27. Qxe5+ Ka8 28. Rd7 Rf8 29. Qxg7 Qa1+ 30. Kd2 Rf2+ 31. Kc3 Qa5+ 32. Kb3
Qb5+ 33. Ka3 Qc5+ 34. Ka2 Qc4+ 35. Ka3 Rf4 36. b3 Qxc2 37. Rc7 Qf5 38. Qc3 Qf8+
39. Qc5 Qxc5+ 40. Rxc5 Rxh4 41. Rc7 Ka7 42. Rg7 a5 43. g6 hxg6 44. Rxg6 b6 45.
Rg5 Ka6 46. Rf5 Rh2 47. Rf6 Rd2 48. Rc6 Kb5 49. Rc7 Rd3 50. Rc4 Rd5 51. Rc7 Rd6
52. Rc4 Ka6 53. Rc8 Kb7 54. Rc2 b5 55. Kb2 Kb6 56. Ka3 Rd3 57. Kb2 b4 58. Rc8
Rd6 59. Rc4 Kb5 60. Rg4 Rc6 {Rest nicht nachvollziehbar} 0-1

[Event "DVM 2008 U20"]
[Site "Arendsee"]
[Date "2008.12.29"]
[Round "5.5"]
[White "Bluhm, Achim"]
[Black "Nieber, Alexander"]
[Result "1/2-1/2"]
[WhiteElo "1644"]
[BlackElo "1796"]
[PlyCount "127"]
[EventDate "2008.??.??"]
[WhiteTeam "Sfr.Neuberg"]
[BlackTeam "SG AE Magdeburg"]

1. d4 Nf6 2. c4 g6 3. Nc3 d5 4. cxd5 Nxd5 5. e4 Nxc3 6. bxc3 Bg7 7. Nf3 O-O 8.
Be2 c5 9. Be3 Nc6 10. h3 cxd4 11. cxd4 b6 12. O-O Bb7 13. a3 Rc8 14. Qa4 Na5
15. Nd2 Qd6 16. Rac1 Rfd8 17. Rxc8 Rxc8 18. Bd3 e6 19. Ra1 Rc3 20. Bc2 Bf8 21.
e5 Qc7 22. Be4 Rc1+ 23. Rxc1 Qxc1+ 24. Kh2 Bxe4 25. Nxe4 Qc6 26. Nf6+ Kh8 27.
Qd1 Bg7 28. Bg5 h6 29. Bh4 Bxf6 30. Bxf6+ Kh7 31. f3 Qd7 32. Bh4 Nc6 33. Bf2
Nxe5 34. Qe2 Nc6 35. Qb5 Qd5 36. Qxd5 exd5 37. Kg3 Kg7 38. Kf4 Kf6 39. Be3 b5
40. Kg3 h5 41. Kf2 a5 42. Ke2 Ke6 43. g4 hxg4 44. fxg4 f5 45. g5 Kd7 46. Kd3 b4
47. axb4 Nxb4+ 48. Kc3 Kc6 49. h4 Kd7 50. Kb3 Nc6 51. Ka4 Ke6 52. Kb5 f4 53.
Bxf4 Nxd4+ 54. Kxa5 Nf3 55. Bg3 Kf5 56. Kb5 Kg4 57. Bf2 Nxh4 58. Kc5 Kxg5 59.
Kxd5 Nf3 60. Ke4 Kg4 61. Be3 Ne1 62. Bh6 Ng2 63. Kd3 Nf4+ 64. Kd2 {
Rest nicht nachvollziehbar} 1/2-1/2

[Event "DVM 2008 U20"]
[Site "Arendsee"]
[Date "2008.12.29"]
[Round "5.6"]
[White "Rickmann, David"]
[Black "Gatterdam, Maximilian"]
[Result "1-0"]
[WhiteElo "1639"]
[BlackElo "1548"]
[PlyCount "39"]
[EventDate "2008.??.??"]
[WhiteTeam "SG AE Magdeburg"]
[BlackTeam "Sfr.Neuberg"]

1. e4 g6 2. d4 Bg7 3. Be3 d6 4. Nc3 a6 5. Nf3 b5 6. Bd3 Nd7 7. Qd2 c5 8. dxc5
Nxc5 9. e5 Bg4 10. exd6 Qxd6 11. O-O-O Nxd3+ 12. Qxd3 Qxd3 13. Rxd3 Bxf3 14.
gxf3 Nf6 15. Rhd1 O-O 16. Ne4 Rfc8 17. Nc5 Rc6 18. Rd8+ Rxd8 19. Rxd8+ Bf8 20.
Bh6 1-0